banner-ar

HIOTOIRE DE LIART:ART CHRETIEN ET ART ISLAME DU MOYEN AGEALA RENAISANCE / (Record no. 11363)

MARC details
000 -الفاتح
حقل البيانات ثابتة الطول 00548nam a2200193Ia 4500
008 - عناصر البيانات ثابتة الطول - معلومات عامة
حقل البيانات ثابتة الطول 140319s9999 xx 000 0 eng d
040 ## - مصدر الفهرسة
وكالة الفهرسة الأصلية GCL /
وكالة النسخ GCL
082 04 - رقم تصنيف ديوى العشرى
رقم التصنيف 704.024
رقم المادة C H
100 1# - المدخل الرئيسى - إسم شخصى
الإسم الشخصى CHATELET, ALBERT
245 10 - بيان العنوان
العنوان HIOTOIRE DE LIART:ART CHRETIEN ET ART ISLAME DU MOYEN AGEALA RENAISANCE /
بيان المسئوليه,etc CHATELET, ALBERT
260 ## - PUBLICATION, DISTRIBUTION, ETC. (IMPRINT)
تاريخ النشر أو التوزيع 1992
300 ## - الوصف المادى
التعداد 269P
650 04 - المدخل الاضافى بالموضوع-مصطلح موضوعى
مصطلح موضوعي RENAISSANCE ART
650 04 - المدخل الاضافى بالموضوع-مصطلح موضوعى
مصطلح موضوعي HISTORY OF ART
650 04 - المدخل الاضافى بالموضوع-مصطلح موضوعى
مصطلح موضوعي MEDDILE AGE ART
650 04 - المدخل الاضافى بالموضوع-مصطلح موضوعى
مصطلح موضوعي ISLAM - ARTS
942 ## - عناصر المدخل الإضافي( كوها)
مصدر التصنيف او مخطط الترفيف Dewey Decimal Classification
Koha [default] item type كتاب
260 ## - PUBLICATION, DISTRIBUTION, ETC. (IMPRINT)
-- [S.N] :
-- REFORENCES LAROUSSE ،
Holdings
حالة التراجع حالة الفقد حالة تلف ليس للاعارة المكان المؤقت الموقع الحالى تاريخ الاكتساب اجمالي اﻻعارات رقم الطلب الباركود تاريخ اخر مشاهدة تاريخ تفعيل السعر نوع وعاء كوها
        مكتبة القاهرة الكبرى مكتبة القاهرة الكبرى 03/26/2014   704.024\C H 22513 03/26/2014 03/26/2014 كتاب

Powered By

EGPV